Die 15 größten Städte in Bosnien und Herzegowina - Statistiken

Allgemein
  • Dieses Quiz wurde 354 mal gespielt
  • Das Durchschnittsergebnis liegt bei 8 aus 15
Antwortstatistiken
Einwohner Stadt % Korrekt
291.422 Sarajevo
100%
113.669 Mostar
91%
199.191 Banja Luka
87%
120.441 Tuzla
84%
115.134 Zenica
75%
61.186 Bihać
64%
93.028 Brčko
53%
77.223 Doboj
47%
114.663 Bijeljina
46%
97.588 Prijedor
46%
54.567 Travnik
45%
62.741 Cazin
44%
56.727 Gradiška
28%
55.704 Živinice
25%
50.733 Lukavac
10%
Keine übereinstimmenden Quizze gefunden
Verteilung der Resultate
Anzahl Personen mit jedem Resultat
Perzentil nach korrekt beantworteten Fragen
Ihre Resultats-Entwicklung
Sie haben dieses Quiz noch nicht gespielt